1291 1522 1510 1472 1314 1727 1394 1202 1055 1971 1887 1431 1286 1023 1559 1876 1426 1249 1359 1217 1706 1099 1209 1747 1950 1853 1696 1453 1702 1581 1323 1110 1854 1685 1079 1887 1846 1886 1287 1319 1349 1073 1456 1027 1002 1418 1064 1075 1888 1132 1662 1754 1003 1562 1271 1528 1052 1667 1127 1666 1302 1456 1613 1286 1291 1468 1436 1460 1861 1732 1903 1753 1861 1463 1113 1117 1213 1784 1103 1327 1487 1347 1016 1364 1830 1009 1354 1687 1182 1202 1279 1712 1892 1319 1565 1389 1442 1977 1545 BCNSPRNW ULIB Ver.6.0+V

เปลี่ยนเป็นภาษาไทย

Change to English
 แสดงรายละเอียดบรรณานุกรม
  กลับหน้าหลัก

Brief Record : Get Marc (ISO 2709) : E-mail record : QR code < ปิดหน้าต่าง
LEADER : 00000nam 2200000uu 4500
001    13399128176
003     ULIB
008    220802s2564||||th 000 0 tha d
020 ^  ^a9786160041961
050 ^  ^aนว^bอ442ฤ
100 0  ^aอเวรี พาย.
245 1  ^aฤาฤทธิ์คล้องนาคา /^cAvery Pie.
250 ^  ^aพิมพ์ครั้งที่ 1.
260 ^  ^aปทุมธานี :^bDeep,^c2564.
300 ^  ^a468 หน้า ;^c21 ซม.
520 3  ^aครั้งหนึ่ง "ทัณฑ์เทวา" ครุฑาศึกได้รับการช่วยชีวิตจาก "พนาสิทธิ์" นาคหนุ่มผู้งดงาม ก่อเกิดเป็นความประทับใจและความรัก เขาเฝ้าคอยตามติดนาคด้วยความลุ่มหลงและคลั่งรักยากจะถอนใจ ทั้งสองต่างปกป้องกันและกัน ฝ่ายนาคหนุ่มถึงขั้นถอดเกล็ดมอบไว้รักษาแผลให้ผู้เป็นที่รัก ครุฑศึกถอนขนปีกเป็นสื่อแทนใจว่าอีกฝ่ายคือยอดดวงใจเช่นกัน แต่มีอุปสรรคจากพ่อครุฑผู้เป็นใหญ่ และสังวาลผู้เต็มไปด้วยบาดแผลแห่งความเคียดแค้นและเกลียดชัง อีกทั้ง "นรินทิพย์" พี่สาวของนาคหนุ่มก็ไม่เห็นด้วย ทัณฑ์เทวาโชคดีมี "เหมันต์" ศึกสหายสนิทคอยช่วยเหลือ แค่ลูกตื๊อของครุฑาศึกยังไม่เพียงพอ ด้วยบุญกรรมแต่ปางก่อน จะทำให้ความรักระหว่างทัณฑ์เทวากับพนาสิจน์สมหวังหรือไม่? ติดตามพร้อมกันได้แล้วในเล่ม!.
650 ^  ^aนวนิยายไทย.
945    ^p420^l0^i009267
999    ^aประนอม เกษจรัล
รายการนี้ยังไม่มีแท็ก
คุณยังไม่ได้ล็อกอิน คุณสามารถมีกิจกรรมร่วมกับเว็บไซต์ได้ แต่ต้องล็อกอินก่อน ::
  ล็อกอิน

รายการสื่อสารสนเทศ

ลำดับที่ ประเภท เลขเรียก/บาร์โค้ด สถานที่ สถานะ
1. นวนิยาย
นวนิยาย
นว อ442ฤ ฉ.1 
  Barcode: 009267
ห้องสมุดวิทยาเขตนครสวรรค์
►นวนิยาย:l:Fiction
บนชั้น

รายการใกล้เคียง
    ผู้แต่ง [อเวรี พาย.]

    หัวเรื่อง [นวนิยายไทย.]

BibComment


ยังไม่เคยถูกคอมเมนท์

คอมเมนท์ทรัพยากรรายการนี้
  คอมเมนท์: ฤาฤทธิ์คล้องนาคา..


 Copyright 2026. Bcnsprnw @Library